| 000 | 00423nam a2200157 i 4500 | ||
|---|---|---|---|
| 001 | 46792 | ||
| 003 | ES-MaACL | ||
| 005 | 20230906161440.0 | ||
| 007 | t| | ||
| 008 | 030401s1970 sp ||||1| spa d | ||
| 100 | 1 |
_aConn, Howard F. _940199 |
|
| 245 | 1 | 0 |
_aTerapéutica 1970 / _cHoward F. Conn. |
| 260 |
_aBarcelona, etc. : _bSalvat, _c[1970] |
||
| 300 |
_aXXXII, 1082 p. ; _c26 cm. |
||
| 852 |
_aES-MaACL _jC-37323 _bR.74739 |
||
| 999 |
_c46792 _d46792 |
||